Statistics for Historiske personer fra tidlig moderne tid (Bilder) - Kort

Click here to take the quiz!

General Stats

  • This quiz has been taken 267 times
  • The average score is 11 of 16

Answer Stats

Answer% Correct
Martin Luther
100%
Christoffer Columbus
94%
Elizabeth I
94%
Isaac Newton
94%
Louis XIV
94%
Galileo Galilei
88%
Henry VIII
75%
Nicolaus Copernicus
75%
Johannes Kepler
69%
John Locke
63%
Ferdinand Magellan
50%
Hernan Cortes
50%
Jean Calvin
50%
Oliver Cromwell
50%
Thomas Hobbes
50%
Karl V (Habsburg)
44%

Score Distribution

Percentile by Number Answered

Percent of People with Each Score

Your Score History

You have not taken this quiz